| 000 | 00552nam a2200193 i 4500 | ||
|---|---|---|---|
| 001 | 3016222 | ||
| 003 | GBCCL | ||
| 005 | 20251201144241.0 | ||
| 008 | 770112s1976 nyu 000 0 eng | ||
| 020 | _a0891291024 : | ||
| 040 |
_aDLC _cDLC _dHIR |
||
| 082 |
_a225.5208 _bBIB |
||
| 245 | 1 | 4 |
_aThe Ryrie study Bible : _bthe New Testament / _cCharles Caldwell Ryrie. |
| 250 | _aNew King James version | ||
| 260 |
_aNew York : _bPillar Books, _c1976. |
||
| 300 |
_aix, 769 p. ; _c18 cm. |
||
| 700 | 1 |
_aRyrie, Charles Caldwell, _d1925- _92424 |
|
| 942 |
_2ddc _cREF |
||
| 999 |
_c9181 _d9181 |
||